000 00503cam a22001814a 4500
005 20250605164253.0
008 250528s ||||||||||||||||||||||||d
035 _a21824
040 _aGR-AtMCL
_bgre
_dGR-AtMCL
_eAACR2
245 1 _aΚΟΙΝΩΝΙΟΛΟΓΙΑ
250 _a10
260 _bΟργανισμός Εκδόσεων Διδακτικών Βιβλίων,
_c1992
300 _a307
700 1 _aΦιλιας Ι. Βασιλης
_97743
942 _cBK
999 _c6883
_d6883